Music Quiz

Random Music or Song Quiz

Artist by First and Last Song Quiz Stats

 Plays Quiz Updated Sep 2, 2018

Score 0/16 Timer 08:00
0 Plays Today
First Song Artist % Correct
'I Saw Her Standing There' (1963)The Beatles
86.8%
'Foxy Lady' (1967)The Jimi Hendrix Experience
79.3%
'Blew' (1989)Nirvana
62.8%
'Good Times, Bad Times' (1969)Led Zeppelin
52.5%
'Radio Free Europe' (1983)R.E.M.
44.4%
'Keep Yourself Alive' (1973)Queen
33.9%
'Astronomy Domine' (1967)Pink Floyd
28.4%
'Ain't No Sunshine' (1972)Michael Jackson
24.2%
First Song Artist % Correct
'Uncle Arthur' (1967)David Bowie
21.9%
'You Give Good Love' (1985)Whitney Houston
21.3%
'Janie Jones' (1977)The Clash
19.8%
'Out In the Street' (1965)The Who
18%
'Rhymin & Stealin' (1986)Beastie Boys
17.4%
'Sunday Morning' (1967)The Velvet Underground
16%
'Love Struck Baby' (1983)Stevie Ray Vaughan
10.5%
'Rockin' Around (With You)' (1976)Tom Petty and the Heartbreakers
6.9%

You're not logged in!

Compare scores with friends on all Sporcle quizzes.
OR
Log In

Show Comments

Extras

Top Quizzes Today


Score Distribution

Your Account Isn't Verified!

In order to create a playlist on Sporcle, you need to verify the email address you used during registration. Go to your Sporcle Settings to finish the process.

Report this User

Report this user for behavior that violates our Community Guidelines.

Details: